Последни часове от животат на император Николай първий (Запис номер 156617)
[ съкратено ]
| 000 -Лидер | |
|---|---|
| Контролно поле с фиксирана дължина | 01275nam a2200325 c 4500 |
| 003 - Код на организацията, давaща контролен номер | |
| Контролно поле | BLK |
| 005 - Дата и час на последна редакция | |
| Контролно поле | 20180420234319.0 |
| 008 - Елементи от данни с фиксирана дължина | |
| fixed length control field | 180410b bul|||||r ||||||| ||bul|| |
| 010 ## - Наследен системен номер | |
| LC control number | KNG00163459000 |
| 040 ## - Източник на каталожния запис | |
| Идентификатор на билиотеката - собственик на записа | BLK |
| 041 ## - Код за език | |
| Код за езика на текст/звукозапис или на отделно заглавие | Български |
| Код за езика КДБФ | Български |
| 072 #7 - Код за тематичната категория | |
| Код организация | bullib |
| Код за тематична категория | С |
| Текст | Старопечатен фонд |
| 080 ## - УДК | |
| Текстов определител УДК | Руска литература |
| УДК код - определител по УДК | 821.161.1 |
| УДК определител | -311.6 |
| УДК - код + определител | 821.161.1-311.6 |
| 139 ## - Редно поле | |
| Редна дума | Последни часове от животат на император Николай първий |
| Авторски знак | Пос - П 80 |
| 245 10 - Сведения за заглавието | |
| Заглавие | Последни часове от животат на император Николай първий |
| Редно поле (дума) | прев. от рус. Георги Стефанович Йошев. |
| 250 ## - Област на изданието | |
| Сведения за изданието | 1. изд |
| 257 ## - Страна на издаване | |
| Страна на създаване/издаване | България |
| 260 ## - Област на издателските данни | |
| -- | Одеса |
| Година на издаване | 1856 |
| Печатница | Одеса : В типографията Францова |
| 300 ## - Физическа характеристика | |
| Страници | 39с., 1 л. |
| Илюстрации и др. | ил. |
| Размери/Мащаб | 21 см |
| 380 ## - Жанр | |
| Жанр | Худож. лит. |
| 500 ## - Общи забележки | |
| Забележка | Дар от Никола Даков |
| 600 14 - Име на лице, използвано като предмет | |
| За него / За нея | Николай І Романов |
| 9 (RLIN) | 272765 |
| 659 ## - Тематичен бюлетин | |
| Тематичен бюлетин | С |
| 700 1# - Други автори (авторска отговорност) | |
| Лично име | Йошев, Георги Стефанович |
| Автороска отговорност (Описва отношението между автора и произведението) | прев. от рус. |
| 9 (RLIN) | 74479 |
| 852 ## - Местоположение | |
| Форматна сигнатура | Цб Ст 3313 * 350 |
| 856 4# - Електронен адрес и достъп | |
| Електронен формат | pdf - файл |
| Път до файла /url/ | |
| 856 4# - Електронен адрес и достъп | |
| Електронен формат | pdf - файл |
| Път до файла /url/ | |
| 942 ## - АРТИКУЛИ | |
| Вид на библиотечния материал | Книги |
| Скрит в OPAC | Не |
| 944 ## - СЪЗДАВАНЕ И РЕДАКЦИЯ на ЗАПИСА | |
| Създаване/Редакция | Създаване |
| Дата на регистрацията/редакция | 22.07.2014 |
| Служител, извършил регистрацията/редакцията | Христина_Везирева |
| 944 ## - СЪЗДАВАНЕ И РЕДАКЦИЯ на ЗАПИСА | |
| Създаване/Редакция | Редакция |
| Дата на регистрацията/редакция | 22.07.2014 |
| Служител, извършил регистрацията/редакцията | |
| 999 ## - СИСТЕМНИ КОНТРОЛНИ НОМЕРА | |
| Koha biblionumber | 156617 |
| Koha biblioitemnumber | 156617 |
| Код за отписване | Код за изгубен артикул | Източник на класификационната схема | Код за повреда | Коз за рестрикции | Код за отдаване | Артикулен № | Име на библиотеката - собственик | Име на библиотеката, в която се намира в момента | Статус (Текущо местоположение) | Дата на вписване в системата | Местоположение - отдел | Цена в лева | Инвентарен номер | Систематично азбучна сигнатура | Баркод | Номер на екземпляра | Цена в евро | Служебна бележка | Служебен тип на артикула |
|---|---|---|---|---|---|---|---|---|---|---|---|---|---|---|---|---|---|---|---|
| Не е изгубен | Universal Decimal Classification | Не е повреден | само за читалня | Специални фондове ( старопечатни, редки и ценни, фонд М. Арнаудов) | 262406 | Регионална библиотека "Любен Каравелов" Русе | Регионална библиотека "Любен Каравелов" Русе | Старопечатен фонд | 1856-01-01 | Старопечатен фонд | 20.00 | 50-ст | Цб Ст 3313 * 350 | 900000000326 | 1 | 10.23 | Дост: DA Вид: Сф Дата: 01.01.1856 Дата инв: 02.04.2018 Бележки инв: СТ2018 | Книги |